00591nam a2200169 a 4500008004100000050002500041100002300066245012600089246002900215260003400244350000900278490002900287650001100316650005800327700001700385700001900402060922s1991 ||||||||||||||||| || u aKYO-UNI(05)ASM/91/15 aTerashima, Hideaki10aEthnobotany of the Lega in the tropical rain forest of eastern Zairecby Hideaki Terashima, Seya Kalala and Ngandu Malasi apart one, Zone De Mwenga aKyotobKyoto Universityc1991 a0.00 aAfrican Study Monographs aBOTANY aLEGA--ETHNOBOTANY--DEMOCRATIC REPUBLIC OF CONGO (DRC) aKalala, Seya aMalasi, Ngandu